| 000 | 00437nam a22001697a 4500 | ||
|---|---|---|---|
| 999 |
_c478428 _d478428 |
||
| 003 | NUST | ||
| 005 | 20180529072250.0 | ||
| 008 | 180529b ||||| |||| 00| 0 eng d | ||
| 020 | _a0 | ||
| 038 | _aSNS Library | ||
| 082 | _a512.24 | ||
| 100 |
_aOscar Zariski _910589 |
||
| 245 |
_aCommutative Algebra Volume II _cOscar Zariski |
||
| 260 |
_aLondon _bD. Van Nostrand Company Inc _c1960 |
||
| 300 |
_a414 p. _bHb. |
||
| 942 |
_2ddc _cBK |
||